MARC

LEADER 00000nam0a2200000 4500
001 312716
005 20231102002519.0
010 |a 1560801395 
035 |a (RuTPU)RU\TPU\book\338086 
090 |a 312716 
100 |a 20151225d2007 k y0engy50 ba 
101 0 |a eng 
102 |a US 
105 |a a z 001zy 
200 1 |a Concepts and Applications in 3D Seismic Imaging  |f B. L. Biondi  |g European Association of Geoscientists & Engineers 
210 |a Tulsa  |c EAGE publications  |d 2007 
215 |a 243 p.  |c il. 
225 1 |a Distinguished Instructor Series  |v № 10 
320 |a Index: p. 235-243. 
606 1 |a Сейсмическая разведка  |x Аппаратура  |2 stltpush  |3 (RuTPU)RU\TPU\subj\54339  |9 72496 
610 1 |a геофизика 
610 1 |a сейсмические изображения 
610 1 |a томография 
610 1 |a трехмерная компьютерная графика 
610 1 |a визуализация 
610 1 |a сейсмические данные 
610 1 |a миграция Кирхгофа 
610 1 |a сейсмические волны 
610 1 |a глубинная миграция 
610 1 |a скоростной анализ 
610 1 |a подземное освещение 
610 1 |a английский язык 
675 |a 550.834.08  |v 3 
700 1 |a Biondi  |b B. L.  |g Biondo 
712 0 2 |a European Association of Geoscientists & Engineers 
801 1 |a RU  |b 63413507  |c 20151225 
801 2 |a RU  |b 63413507  |c 20160119  |g RCR 
942 |c BK